Statistiques concernant Nommez les papes

Cliquez ici pour prendre le quiz!

Statistiques générales

  • Ce quiz a été pris 28 073 fois
  • Le résultat moyen est 16 sur 81

Statistiques - réponses

#Name% Correct
1François
94%
21Jean
94%
12Pie
88%
2Jean-Paul
85%
17Benoît
80%
6Paul
80%
1Pierre
77%
1Marc
45%
8Urbain
43%
14Clément
36%
13Léon
36%
13Innocent
35%
7Alexandre
34%
3Jules
34%
16Grégoire
32%
5Nicolas
25%
9Étienne
23%
3Martin
22%
5Sixte
22%
3Victor
20%
8Boniface
19%
2Marcel
18%
6Adrien
17%
3Callixte
16%
2Pascal
16%
1Lin
15%
5Célestin
14%
1Constantin
14%
3Félix
14%
1Romain
14%
4Serge
14%
3Sylvestre
14%
2Théodore
14%
4Eugène
13%
1Anaclet
12%
3Lucius
12%
3Anastase
11%
1Fabien
11%
4Honorius
11%
1Valentin
11%
2Agapet
10%
2Marin
10%
1Anicet
9%
1Caïus
9%
1Corneille
9%
2Damase
9%
1Évariste
9%
2Gélase
9%
1Marcellin
9%
1Télesphore
9%
1Zosime
9%
1Denys
8%
1Eusèbe
8%
1Hilaire
8%
2Pélage
8%
1Zacharie
8%
1Zéphyrin
8%
1Éleuthère
7%
1Formose
7%
1Hygin
7%
1Libère
7%
1Pontien
7%
1Silvère
7%
1Sôter
7%
2Adéodat
6%
1Agathon
6%
1Antère
6%
1Conon
6%
1Donus
6%
1Eutychien
6%
1Hormisdas
6%
1Landon
6%
1Miltiade
6%
1Sabinien
6%
1Séverin
6%
1Simplice
6%
1Sirice
6%
1Symmaque
6%
1Vigile
6%
1Vitalien
6%
1Sisinnius
5%

Distribution des résultats

Percentile par nombre de réponses

% des personnes avec chaque résultat

Votre développement - résultats

Vous n’avez pas pris ce quiz